Normal view
MARC view
- University of California, Los Angeles.
Entry Corporate Name
001 - CONTROL NUMBER
- control field: 110658
003 - CONTROL NUMBER IDENTIFIER
- control field: NUST
005 - DATE AND TIME OF LATEST TRANSACTION
- control field: 20230320125641.0
008 - FIXED-LENGTH DATA ELEMENTS
- fixed length control field: 230320|| aca||aabn | a|a d
040 ## - CATALOGING SOURCE
- Original cataloging agency: NUST
- Transcribing agency: NUST
110 ## - HEADING--CORPORATE NAME
- Corporate name or jurisdiction name as entry element: University of California, Los Angeles.
- Subordinate unit: University Extension
670 ## - SOURCE DATA FOUND
- Source citation: Work cat.: (NUST)0: Multitarget-multisensor tracking :, 1990-<2000 >
